000 00928nam a2200241 a 4500
001 000006582
005 20200929153945.0
008 090901s2006 dr ac 000 0 spa d
020 _a9945160648
040 _aDO-SdBNP
_bspa
_cBNPHU
082 _a616.89
_bS211p
100 1 _aSánchez Martínez, Fernando,
_d1944-
_91573
245 1 3 _aLa psiquiatría dominicana /
_cFernando Sánchez Martínez ; prólogo César Mejía.
260 _aSanto Domingo :
_bBúho,
_c2006.
300 _a436 p. :
_bil., retr. ;
_c24 cm.
500 _aIncluye datos biográficos del autor en las solapas de la cubierta
500 _aIncluye referencias bibliográficas y notas al pie de las páginas
504 _aBibliografía : p. 429-433
590 _aInventariado, 2018/LP
650 4 _aPsiquiatría
_zRepública Dominicana
_xHistoria
_918271
700 1 2 _aMejía, Júlio César,
_epról.
_918272
910 _aValidado. Control de calidad. MMOLINA
999 _c6373
_d6373